| 000 | 00511nam a2200181Ia 4500 | ||
|---|---|---|---|
| 008 | 240925s9999 xx 000 0 und d | ||
| 020 | _a8176567493 | ||
| 082 | _a004.6 MOL | ||
| 100 | _aMoldovyan, Alexander | ||
| 245 | 0 | _aProtected Internet, Internet, & Virtual Provate Networks | |
| 250 | _aNA | ||
| 260 |
_aNew Delhi: _bBPB Publication _c,2003. |
||
| 300 |
_ax,548p. _bNA _fOriginal |
||
| 500 | _aNA | ||
| 600 | _aComputer Science | ||
| 650 | _aComputer science, information & general works | ||
| 942 | _cBK | ||
| 999 |
_c7604 _d7604 |
||